Vplyv znižovania sadzby DPH na vybrané podniky cestovného ruchu na Slovensku diplomová práca

Salvato in:
Dettagli Bibliografici
Autore principale: Pavlusová, Simona
Ente Autore: Obchodná fakulta EU. Katedra cestovného ruchu
Altri autori: Dula, Radúz, 1979-
Natura: Libro
Lingua:slovacco
Pubblicazione: Bratislava 2024
Tags: Aggiungi Tag
Nessun Tag, puoi essere il primo ad aggiungerne!!

MARC

LEADER 00000nbm a2200000 4500
001 0302421
005 20250821122138.6
041 0 |a slo 
044 |a SK 
245 1 0 |a Vplyv znižovania sadzby DPH na vybrané podniky cestovného ruchu na Slovensku  |b diplomová práca  |c Simona Pavlusová ; školiteľ: Radúz Dula 
264 1 |a Bratislava  |c 2024 
300 |a 77 s. 
100 1 |a Pavlusová, Simona 
700 1 |a Dula, Radúz, 1979- 
710 2 |a Obchodná fakulta EU. Katedra cestovného ruchu